Stochastic Modeling of Mortality Development

Metódy predikcie úmrtnosti. Tri metódy - Lee-Carterova, Lee-Millerova a Booth-Maindonald-Smithova metóda z teoretického aj praktického hľadiska. Rozdiely medzi nimi. Parametre uvedených modelov a miera úmrtnosti v budúcnosti. Získané predpovede úmrtnosti zo všetkých troch modelov a porovnanie modelo...

Descrizione completa

Salvato in:
Dettagli Bibliografici
Autore principale: Smažáková, Lenka, 1991-
Natura: Capitolo di libro
Lingua:inglese
Soggetti:
Tags: Aggiungi Tag
Nessun Tag, puoi essere il primo ad aggiungerne!!

MARC

LEADER 00000naa$a2200000$$$4500
001 0272484
005 20240502074307.5
041 0 |a eng 
044 |a SK 
245 1 0 |a Stochastic Modeling of Mortality Development  |c Lenka Smažáková 
520 |a Metódy predikcie úmrtnosti. Tri metódy - Lee-Carterova, Lee-Millerova a Booth-Maindonald-Smithova metóda z teoretického aj praktického hľadiska. Rozdiely medzi nimi. Parametre uvedených modelov a miera úmrtnosti v budúcnosti. Získané predpovede úmrtnosti zo všetkých troch modelov a porovnanie modelov pre rôzne vekové skupiny. Odhady úmrtnosti zo základnej Lee-Carterovej metódy ukazujú vyššie hodnoty pre väčšinu vekových skupín ako ostatné dve metódy a naopak, že odhad modelu Booth-Maindonald-Smith predpokladá najvýraznejší pokles úmrtnosti v budúcnosť. 
610 2 0 |a modely stochastické 
610 2 0 |a úmrtnosť 
610 2 0 |a populácia 
610 2 0 |a odhady 
100 1 |a Smažáková, Lenka, 1991-